[Event "FRA-ch"]
[Site "Meribel"]
[Date "1998.08.25"]
[Round "12"]
[White "Chabanon, Jean Luc"]
[Black "Bauer, Christian"]
[Result "1-0"]
[WhiteElo "2490"]
[BlackElo "2490"]

1.d4 d6 2.e4 Nf6 3.Nc3 c6 4.f4 Qa5 5.Bd3 e5 6.Nf3 Bg4 7.Be3 Nbd7 8.O-O Be7
9.h3 Bxf3 10.Qxf3 O-O 11.Ne2 Rfe8 12.c3 c5 13.dxe5 dxe5 14.Bc4 Bf8 15.Ng3 Nb6
16.fxe5 Rxe5 17.Be2 Nbd7 18.Rad1 Qxa2 19.Bb5 Qe6 20.Bf4 Nb6 21.Bxe5 Qxe5
22.Qf4 Qxf4 23.Rxf4 c4 24.e5 Nfd5 25.Re4 a6 26.Bd7 g6 27.e6 f5 28.Re5 Nf6
29.Nf1 Be7 30.Ne3 h5 31.Rd4 Rd8 32.Nxc4 Nxc4 33.Rxc4 Nxd7 34.exd7 Rxd7 35.Rd4 Rc7
36.Rdd5 Kf7 37.Kf2 h4 38.Ke2 Bf6 39.Re3 b5 40.Kd3 Bg5 41.Re2 Be7 42.Re1 Kf6
43.Rde5 Kf7 44.Re6 Rd7+ 45.Kc2 Bd6 46.R6e2 Bf4 47.Rd1 Rb7 48.Kb3 a5 49.Rd8 Bg5
50.Rh8 Kg7 51.Ra8 a4+ 52.Kb4 Be7+ 53.Ka5 a3 54.bxa3 Bxa3 55.Ka6 Rc7 56.Ra7 Rxa7+
57.Kxa7 g5 58.Kb6 b4 59.Ra2 Kf6 60.Kc5 g4 61.cxb4 Bc1 62.Kd4 Kg5 63.b5 Kf4
64.Rf2+ Kg3 65.Rxf5 Kxg2 66.b6 Ba3 67.b7 Bd6 68.hxg4 h3 69.Rh5  1-0

[Event "Taufkirchen"]
[Site "Taufkirchen"]
[Date "1998.08.29"]
[Round "4"]
[White "Brandstaetter, Gerhard"]
[Black "Lautner, Josef"]
[Result "1-0"]
[WhiteElo "1970"]
[BlackElo "2084"]

1.e4 d6 2.d4 Nf6 3.Nc3 c6 4.Nf3 Bg4 5.Be2 e6 6.a4 d5 7.exd5 cxd5 8.O-O Nc6
9.Re1 Be7 10.Ne5 Bxe2 11.Nxe2 Rc8 12.c3 Na5 13.Nf4 O-O 14.Nfd3 a6 15.Re3 b5
16.axb5 axb5 17.Rg3 Kh8 18.Bf4 Qb6 19.Bg5 Rc7 20.Rh3 Nc4 21.b4 Nd6 22.Nc5 Rd8
23.Ra6 Qb8 24.Nc6 Rxc6 25.Rxc6 Kg8 26.Qa1 Nf5 27.Ra6 h6 28.Bxf6 Bxf6 29.Nd7 Qf4
30.Nxf6+ gxf6 31.Rf3 Qg4 32.Rb6 Kg7 33.Rxb5 e5 34.dxe5 fxe5 35.Ra5 Rd6 36.Qf1 Rg6
37.Rxf5 Qxf5 38.Rxd5 Qe4 39.Rd1 Kf8 40.b5 Qf3 41.Rc1 Qd5 42.c4 Qc5 43.Qe2 Rd6
44.Qe3 Qxc4 45.Qxh6+ Ke8 46.h3 Qd5 47.Qh8+ Ke7 48.Rc7+ Ke6 49.Qh6+ f6 50.Qg7 Qxb5
51.Qg8+  1-0

[Event "CRO-chT"]
[Site "Porec"]
[Date "1998.09.05"]
[Round "1"]
[White "Brumen, Dinko"]
[Black "Jusic, Zdenko"]
[Result "1/2-1/2"]
[WhiteElo "2355"]
[BlackElo "2375"]

1.e4 d6 2.d4 Nf6 3.Nc3 e5 4.dxe5 dxe5 5.Qxd8+ Kxd8 6.Bc4 Be6 7.Bxe6 fxe6
8.Nf3 Bd6 9.O-O Nc6 10.Rd1 Ke7 11.a3 a6 12.Be3 Ng4 13.Bg5+  1/2-1/2

[Event "Karl Wagner mem 5th"]
[Site "Graz"]
[Date "1998.09.06"]
[Round "2.12"]
[White "Mohr, Georg"]
[Black "Stuhlik, Marko"]
[Result "1-0"]
[WhiteElo "2470"]
[BlackElo "2240"]

1.e4 d6 2.d4 Nf6 3.Nc3 c6 4.f4 Qa5 5.Bd3 e5 6.Nf3 Bg4 7.dxe5 dxe5 8.f5 Nbd7
9.h3 Bxf3 10.Qxf3 Nc5 11.Bd2 O-O-O 12.O-O-O Nxd3+ 13.cxd3 Qa6 14.Kc2 Nd7
15.Ne2 Nc5 16.Nc1 Be7 17.Qg3 Bf6 18.Bc3 Rhe8 19.b3 h6 20.h4 Rd7 21.Qe3 Qb5
22.Rh3 a5 23.a4 Qb6 24.g4 Bd8 25.d4 Na6 26.dxe5 Rxd1 27.Kxd1 Qxe3 28.Rxe3 Bxh4
29.Nd3 g5 30.Bxa5 h5 31.gxh5 Rh8 32.Rh3 Rxh5 33.Be1 Rh8 34.Ke2 Nc7 35.Bf2 Na6
36.Ne1 Nb4 37.Nf3 Nc2 38.Nxg5  1-0

[Event "CRO-chT"]
[Site "Porec"]
[Date "1998.09.06"]
[Round "2"]
[White "Antunovic, Ivo"]
[Black "Vidovic, Sasa"]
[Result "0-1"]
[WhiteElo "2085"]
[BlackElo "2245"]

1.e4 d6 2.d4 Nf6 3.Nc3 c6 4.a4 Qa5 5.Bd2 e5 6.dxe5 dxe5 7.Nd5 Qd8 8.Nxf6+ Qxf6
9.h3 Qg6 10.Qf3 f5 11.Bd3 f4 12.Ne2 Be6 13.g3 fxg3 14.Qxg3 Qxg3 15.fxg3 Be7
16.O-O-O Nd7 17.Nc3 O-O 18.g4 Rad8 19.Rdf1 Bc5 20.Rxf8+ Rxf8 21.Rf1 Bd4 22.Rxf8+ Kxf8
23.Ne2 Bf2 24.b4 c5 25.bxc5 Nxc5 26.Bc3 Nxa4 27.Bxe5 Nc5 28.Nf4 Be3+ 29.Kb2 Ke7
30.Nh5 g6 31.Nf6 Nd7 32.Nxd7 Kxd7 33.Bb5+ Ke7 34.Kc3 a6 35.Bd3 Kd7 36.Kb4 Kc6
37.c4 Bd2+ 38.Kb3 Kc5 39.Bf6 Be1 40.e5 b5 41.Kc2 bxc4 42.Be2 Kd4 43.h4 Bg3
44.h5 Bxe5 45.Bg5 a5 46.hxg6 hxg6 47.Bd2 a4 48.Kb2  0-1

[Event "Taufkirchen"]
[Site "Taufkirchen"]
[Date "1998.09.06"]
[Round "8"]
[White "Hofmann, Max"]
[Black "Lautner, Josef"]
[Result "1-0"]
[WhiteElo "2157"]
[BlackElo "2084"]

1.e4 d6 2.d4 Nf6 3.Nc3 c6 4.f4 g6 5.Be2 Bg7 6.g4 Qb6 7.g5 Nfd7 8.Nf3 Na6
9.h4 c5 10.h5 gxh5 11.Nd5 Qd8 12.f5 Nc7 13.Nf4 cxd4 14.Nxh5 Be5 15.Bf4 Rg8
16.Qd2 b6 17.O-O-O Bb7 18.Ng3 Bxf4 19.Qxf4 e5 20.fxe6 Nxe6 21.Qxd6 Qe7 22.Nf5 Qxd6
23.Nxd6+ Ke7 24.Nxb7 Rab8 25.Ba6 Rg6 26.Nh4 Rxg5 27.Nf5+ Rxf5 28.exf5  1-0

[Event "Karl Wagner mem 5th"]
[Site "Graz"]
[Date "1998.09.08"]
[Round "4.11"]
[White "Klovans, Janis"]
[Black "Stuhlik, Marko"]
[Result "1-0"]
[WhiteElo "2465"]
[BlackElo "2240"]

1.e4 d6 2.d4 Nf6 3.Nc3 c6 4.f4 Qa5 5.Bd3 e5 6.Nf3 Bg4 7.Be3 d5 8.fxe5 Nxe4
9.O-O Nxc3 10.bxc3 Be7 11.Qe1 Nd7 12.Qg3 Be6 13.Ng5 Bxg5 14.Qxg5 h6 15.Qxg7 O-O-O
16.Qg3 c5 17.Qe1 Rdg8 18.a4 Rg7 19.Rf2 h5 20.Bd2 Rhg8 21.Be2 h4 22.Bf3 Qa6
23.a5 c4 24.Bh6 Rg6 25.Qd2 Rh8 26.Bg5 Nb8 27.Bf6 Rh7 28.Qf4 h3 29.g3 Nc6
30.Qc1 Nb8 31.Qa3 Rg8 32.Be7 Qc6 33.Bc5 a6 34.Rb1 Nd7 35.Bd6 Rhg7 36.Qb4 Rg6
37.Bh5 R6g7 38.Rbf1 Rh8 39.Bxf7 Bxf7 40.Rxf7  1-0

[Event "Politiken zt"]
[Site "Munkebo"]
[Date "1998.09.10"]
[Round "1.1"]
[White "Salmensuu, Olli"]
[Black "Danielsen, Henrik"]
[Result "1-0"]
[WhiteElo "2420"]
[BlackElo "2510"]

1.e4 d6 2.d4 Nf6 3.Nc3 c6 4.Bg5 Nbd7 5.f4 Qa5 6.Qd2 e5 7.Nf3 Be7 8.O-O-O O-O
9.Kb1 Re8 10.dxe5 dxe5 11.fxe5 Nxe5 12.Nd5 Qxd2 13.Nxe7+ Rxe7 14.Rxd2 Bg4
15.Nxe5 Rxe5 16.Bxf6 gxf6 17.Bd3 Rd8 18.Rf2 Kg7 19.Rhf1 Rd6 20.Rf4 Bh5 21.a4 Bg6
22.b3 b6 23.Kb2 c5 24.Kc3 Rh5 25.h4 Re5 26.g4 h5 27.Rg1 hxg4 28.Rgxg4 Kf8
29.Bc4 Ke7 30.Bd5 Rd8 31.Kc4 Rd6 32.Kb5 Bh5 33.Rg8 Bd1 34.Ra8 Rd7 35.Ka6 Be2+
36.c4 Bd1 37.Rxa7 Rxa7+ 38.Kxa7 Bxb3 39.Bc6 Re6 40.Kb7 Bc2 41.h5 f5 42.exf5 Rf6
43.Kc7 Kf8 44.Rf2 Bb3 45.Bb5 Kg7 46.Rb2 Bd1 47.Bd7 Bxh5 48.Rxb6 Be2 49.Rxf6 Kxf6
50.Bb5 Kxf5 51.a5 Ke5 52.a6 Kd4 53.a7 Bf3 54.Bc6  1-0

[Event "Pinneberg op"]
[Site "Pinneberg"]
[Date "1998.09.10"]
[Round "3"]
[White "Rostalski, Walter"]
[Black "Pehlgrim, Andreas"]
[Result "1/2-1/2"]
[WhiteElo "2230"]
[BlackElo "2180"]

1.e4 d6 2.d4 Nf6 3.Nc3 c6 4.g3 Qa5 5.Bg2 e5 6.Ne2 Bg4 7.f3 Bh5 8.Be3 Nbd7
9.O-O Be7 10.Qd2 b5 11.a3 a6 12.h3 h6 13.g4 Bg6 14.Ng3 Qc7 15.f4 Nb6 16.b3 O-O-O
17.f5 Bh7 18.a4 Kb7 19.axb5 cxb5 20.d5 Rc8 21.Nce2 Nfd7 22.Ra2 Bh4 23.Rfa1 Ra8
24.Qb4 Bg5 25.Bf2 g6 26.c4 bxc4 27.Be1 Rhb8 28.Rc2 Be7 29.Nc1 Kc8 30.Qc3 Nc5
31.Rca2 Nbd7 32.Bf3 Qb6 33.Kh1 Bg5 34.Bd2 f6 35.Qc2 Bf4 36.Nge2 g5 37.Ba5 Qa7
38.Nc3 Rb7 39.Nb5 Qb8 40.Bd2 Nb6 41.Na3 Nbd7 42.Be1 Bxc1 43.Rxc1 Bg8 44.Bf2 Bf7
45.Nb1 Be8 46.Nc3 Kd8 47.Rca1 Ke7 48.Nb5 Qc8 49.Nc3 Rab8 50.Ne2 Nxb3 51.Rd1 Ndc5
52.Rf1 Na4  1/2-1/2

[Event "CRO-chT"]
[Site "Porec"]
[Date "1998.09.10"]
[Round "5"]
[White "Kutuzovic, Branko"]
[Black "Muhvic, Damir"]
[Result "1-0"]
[WhiteElo "2460"]
[BlackElo "2215"]

1.e4 d6 2.d4 Nf6 3.Nc3 e5 4.Nge2 Nbd7 5.f3 c6 6.Be3 b5 7.g4 b4 8.Na4 a6 9.b3 Bb7
10.g5 Nh5 11.Qd2 exd4 12.Nxd4 c5 13.Nf5 Ne5 14.O-O-O Nxf3 15.Nxd6+ Bxd6 16.Qxd6 Qxd6
17.Rxd6 Bxe4 18.Nxc5 Nxg5 19.Rg1 Nf3 20.Nxe4 Nxg1 21.Bxg1 O-O 22.Bc5 Rfe8
23.Rd4 a5 24.Bc4 Re5 25.Bd6 Rf5 26.Bc7 h6 27.Nd6 Rf2 28.Nxf7 Kh7 29.Kb2 Nf6
30.Bg3 Rg2 31.Nd8 Rg1 32.Ne6 Re8 33.Bc7 Ra8 34.Be5 Re8 35.Bxf6 gxf6 36.Rd7+ Kh8
37.Rf7 Rg2 38.h4 Rh2 39.Nf8 Rxf8 40.Rxf8+ Kg7 41.Rg8+ Kh7 42.Rg4 f5 43.Rf4 Kg7  1-0

[Event "Festuge M1"]
[Site "Aarhus"]
[Date "1998.09.11"]
[Round "5"]
[White "Matthiesen, Martin"]
[Black "Hoiberg, Nina"]
[Result "0-1"]
[WhiteElo "2275"]
[BlackElo "2290"]

1.d4 d6 2.e4 Nf6 3.Nc3 e5 4.Nf3 Nc6 5.Bb5 Bd7 6.O-O exd4 7.Nxd4 Be7 8.Bxc6 bxc6
9.b3 O-O 10.Bb2 c5 11.Nde2 c6 12.Nf4 Ng4 13.Na4 f5 14.e5 dxe5 15.Nd3 e4 16.Ndxc5 Qc7
17.g3 Rad8 18.Qe2 Bc8 19.Qc4+ Kh8 20.Ne6 Bxe6 21.Qxe6 Rd6 22.Be5 Nxe5 23.Qxe5 Qd8
24.Nc3 Bf6 25.Qc5 Bd4 26.Qc4 Qf6  0-1

[Event "Budapest FS09 IM-B"]
[Site "Budapest"]
[Date "1998.09.14"]
[Round "10"]
[White "Galyas, Miklos"]
[Black "Bergstrom, Rolf"]
[Result "1/2-1/2"]
[WhiteElo "2440"]
[BlackElo "2295"]

1.e4 d6 2.d4 Nf6 3.Nc3 Nbd7 4.f4 e5 5.Nf3 exd4 6.Qxd4 c6 7.Be3 d5 8.exd5 Bc5
9.Qd3 Qe7 10.Nd4 Nxd5 11.Nxd5 cxd5 12.Nf5 Qf6 13.O-O-O O-O 14.g4 Bxe3+ 15.Qxe3 Nb6
16.Ne7+ Kh8 17.Nxd5 Nxd5 18.Rxd5 Bxg4 19.Rg1 Bf5  1/2-1/2

[Event "Elista ol (Men)"]
[Site "Elista"]
[Date "1998.09.30"]
[Round "2"]
[White "Kassis, Antoine"]
[Black "Hamed, Ahmed"]
[Result "0-1"]
[WhiteElo "2220"]
[BlackElo "2320"]

1.e4 d6 2.d4 c6 3.Nc3 Nf6 4.f4 Qa5 5.Bd3 e5 6.Nf3 Bg4 7.dxe5 dxe5 8.h3 Bxf3
9.Qxf3 Nbd7 10.O-O exf4 11.Qxf4 Qe5 12.Qxe5+ Nxe5 13.Be3 Nfd7 14.Rad1 Bc5
15.Bxc5 Nxc5 16.Be2 a5 17.a4 Ke7 18.Rd2 Rhd8 19.Rfd1 Rxd2 20.Rxd2 Rd8 21.Rxd8 Kxd8
22.Kf2 Ke7 23.Ke3 Kd6 24.b3 Ne6 25.Na2 g6 26.g3 Nc5 27.Bf1 Ned7 28.Kd4 Ne6+
29.Ke3 Ke5 30.Nc3 Nd4 31.Bd3 Nc5 32.Nb1 h5 33.Nd2 b5 34.axb5 cxb5 35.c3 Ndxb3
36.Nf3+ Kd6 37.Bxb5 a4 38.e5+ Ke7 39.Bxa4 Nxa4 40.g4 hxg4 41.hxg4 Nxc3 42.Kd3 Na4
43.Ke4 Nbc5+ 44.Kf4 Nc3 45.Kg5 Ne6+ 46.Kh6 Nd5 47.Nh4 Ndf4 48.Kh7 Nf8+ 49.Kg7 Nd7
50.Nf3 Ne6+ 51.Kg8 Ke8 52.Kh7 Kf8 53.Kh8 Nec5 54.Kh7 Ne4 55.Kh6 Ke7 56.Kg7 g5
57.Kh6 Ke6 58.Kg7 Nxe5 59.Nd4+ Kd5 60.Nf5 Nd6 61.Nxd6 Kxd6 62.Kf6 Nf3 63.Kxf7 Ke5  0-1

[Event "Elista ol (Men)"]
[Site "Elista"]
[Date "1998.10.01"]
[Round "3"]
[White "Kim, V."]
[Black "O'Connell, Kevin J"]
[Result "1/2-1/2"]
[WhiteElo "2270"]
[BlackElo "2360"]

1.e4 d6 2.d4 Nf6 3.Nc3 Nbd7 4.Nf3 e5 5.dxe5 dxe5 6.Bc4 Bb4 7.Bd2 O-O 8.O-O Bxc3
9.Bxc3 Nxe4 10.Bxe5 Nxe5 11.Qxd8 Rxd8 12.Nxe5 Nd6 13.Bb3 Bf5 14.Rad1 Re8
15.f4 Be6 16.Rfe1 Bxb3 17.cxb3 f6 18.Nc4 Rxe1+ 19.Rxe1 Re8 20.Rxe8+ Nxe8
21.Kf2 Kf7 22.f5 Ke7 23.Ke3  1/2-1/2

[Event "Elista ol (Men)"]
[Site "Elista"]
[Date "1998.10.02"]
[Round "4"]
[White "Rytshagov, Mikhail"]
[Black "Komliakov, Viktor"]
[Result "1/2-1/2"]
[WhiteElo "2565"]
[BlackElo "2485"]

1.e4 d6 2.d4 Nf6 3.Nc3 c6 4.f4 g6 5.Nf3 Bg7 6.Bd3 O-O 7.O-O Bg4 8.Be3 Qb6
9.e5 Nd5 10.Nxd5 cxd5 11.Qc1 e6 12.Nh4 Qd8 13.Qe1 f5 14.h3 Bh5 15.Kh1 Nc6
16.Rg1 dxe5 17.fxe5 g5 18.Nf3 f4 19.Bf2 g4 20.hxg4 Bxg4 21.Nh2 Bf5 22.Bxf5 Rxf5
23.g4 fxg3 24.Rxg3 Ne7 25.Qd2 Ng6 26.Rg4 Qf8 27.Be3  1/2-1/2

[Event "Elista ol (Men)"]
[Site "Elista"]
[Date "1998.10.03"]
[Round "5"]
[White "Mamombe, Kudzanai"]
[Black "Toloza, Pablo"]
[Result "0-1"]
[WhiteElo "2135"]
[BlackElo "2350"]

1.e4 d6 2.d4 Nf6 3.Nc3 e5 4.dxe5 dxe5 5.Qxd8+ Kxd8 6.Bc4 Ke8 7.Nf3 Bd6 8.Bg5 Nbd7
9.O-O-O a6 10.a4 h6 11.Bh4 Rb8 12.h3 Nh5 13.g4 Nf4 14.Bg3 g5 15.Bxf4 gxf4
16.Nh4 Bc5 17.f3 c6 18.Nf5 Nb6 19.Bb3 a5 20.Rd3 Bb4 21.Nd6+ Bxd6 22.Rxd6 Ke7
23.Rdd1 Nd7 24.h4 Nc5 25.Bc4 Be6 26.Be2 h5 27.g5 Rbg8 28.Rdg1 Rg7 29.b3 Rhg8
30.Bf1 Nd7 31.Bh3 Bxh3 32.Rxh3 Ke6 33.Rd1 f6 34.gxf6 Nxf6 35.Ne2 Rg2 36.Rd2 Ke7
37.Nc3 R2g3 38.Rdh2 Rg1+ 39.Kb2 Rf1 40.Ne2 Nd7 41.Kc3 Nc5 42.Rh1 Rf2 43.R1h2 Rgg2
44.Rxg2 Rxg2 45.Kd2 Ne6 46.Kd3 Rf2 47.c3 b5 48.axb5 cxb5 49.Kd2 Rf1 50.Nc1 Nc5
51.b4 axb4 52.cxb4 Ne6 53.Nd3 Kf6 54.Ne1 Nd4 55.Kd1 Rf2 56.Kc1 Nb3+ 57.Kb1 Ke6
58.Rh1 Nd2+ 59.Ka1 Kf6 60.Nd3 Rxf3 61.Nc5 Rf1+ 62.Rxf1 Nxf1 63.Nd3 Ne3 64.Ne1 Ng4
65.Nf3 Nf2 66.Nd2 Nd3 67.Ka2 Nxb4+ 68.Kb3 Nc6 69.Kc3 Ke6 70.Kb3 Kd6 71.Kc3 Kc5
72.Nb3+ Kb6 73.Nc1 Ka5 74.Nd3 Ka4 75.Kb2 b4  0-1

[Event "Elista ol (Men)"]
[Site "Elista"]
[Date "1998.10.05"]
[Round "7"]
[White "Vaisser, Anatoli"]
[Black "Lima, Darcy"]
[Result "1-0"]
[WhiteElo "2575"]
[BlackElo "2480"]

1.d4 d6 2.e4 Nf6 3.Nc3 e5 4.dxe5 dxe5 5.Qxd8+ Kxd8 6.Bc4 Be6 7.Bxe6 fxe6
8.f3 Nc6 9.Be3 Bd6 10.O-O-O Ke7 11.Nge2 a6 12.Na4 Nd7 13.b3 b5 14.Nb2 Rhb8
15.Kb1 Nb6 16.Rc1 Ba3 17.c4 Bxb2 18.Kxb2 bxc4 19.Bxb6 cxb6 20.Rxc4 Rc8 21.Rhc1 Kd7
22.f4 exf4 23.Nxf4 Na7 24.Rd1+ Ke7 25.Rcd4 Rc6 26.e5 Rc7 27.Rd6 Rac8 28.R1d2 Nb5
29.Rxe6+ Kf7 30.Rxb6  1-0

[Event "Elista ol (Men)"]
[Site "Elista"]
[Date "1998.10.06"]
[Round "8"]
[White "Gretarsson, Helgi Ass"]
[Black "Spangenberg, Hugo"]
[Result "1/2-1/2"]
[WhiteElo "2480"]
[BlackElo "2520"]

1.d4 d6 2.e4 Nf6 3.Nc3 e5 4.Nf3 Nbd7 5.Bc4 Be7 6.O-O O-O 7.Re1 c6 8.a4 Qc7
9.Ba2 b6 10.d5 Bb7 11.dxc6 Bxc6 12.Bg5 h6 13.Bh4 a6 14.Bxf6 Nxf6 15.Qd3 Qb7  1/2-1/2

[Event "Elista ol (Men)"]
[Site "Elista"]
[Date "1998.10.06"]
[Round "8"]
[White "Tzermiadianos, Andreas"]
[Black "Irzhanov, Ruslan"]
[Result "0-1"]
[WhiteElo "2465"]
[BlackElo "2535"]

1.e4 d6 2.d4 Nf6 3.Nc3 e5 4.Nf3 Nbd7 5.Bc4 Be7 6.O-O O-O 7.Re1 c6 8.a4 Qc7
9.Ba2 a5 10.h3 exd4 11.Nxd4 Re8 12.Nf5 Bf8 13.Bg5 h6 14.Bh4 g6 15.Nd4 Bg7
16.Qd2 Nc5 17.f3 Ne6 18.Bf2 Nh5 19.Nd5 cxd5 20.exd5 Bxd4 21.Bxd4 Neg7 22.g4 Rxe1+
23.Rxe1 g5 24.gxh5 Bxh3 25.c4 Bf5 26.Qh2 Qd7 27.Bb3 Re8 28.Kf2 Bd3 29.Re3 Nf5
30.Rxd3 Qe7 31.Be5 dxe5 32.Kf1 Nd4 33.Bd1 Qf6 34.Qf2 Qf5 35.Qe3 Qh3+ 36.Ke1 Nf5
37.Qe2 Qh4+ 38.Kd2 Qxc4 39.Qe4 Nd4 40.Rc3 Qa2 41.Kc1 Rd8  0-1

[Event "Elista ol (Men)"]
[Site "Elista"]
[Date "1998.10.07"]
[Round "9"]
[White "Hassan, Sayed Barakat"]
[Black "Galego, Luis"]
[Result "1-0"]
[WhiteElo "2330"]
[BlackElo "2425"]

1.e4 d6 2.d4 Nf6 3.Nc3 c6 4.f4 e6 5.Nf3 d5 6.e5 Nfd7 7.Ne2 c5 8.c3 b6 9.Ng3 g6
10.Bd3 Ba6 11.Bc2 Nc6 12.h4 h5 13.a3 Be7 14.b4 Qc7 15.Be3 Rc8 16.Rc1 Bc4
17.Nd2 cxd4 18.cxd4 b5 19.Nxc4 bxc4 20.Qf3 Nb6 21.Ne2 Qb7 22.Rb1 a6 23.Nc3 Na7
24.a4 Nd7 25.b5 axb5 26.axb5 Bd8 27.Bd2 Ra8 28.g4 hxg4 29.Qxg4 Nf8 30.b6 Bxb6
31.Ba4+ Nd7 32.f5 gxf5 33.Qg7 Rf8 34.Bg5 Nc8 35.Bh6 Rxa4 36.Nxa4 Qa6 37.Nxb6 Ncxb6
38.O-O c3 39.Qg3 Qc4 40.Bxf8 Qxd4+ 41.Qf2 Qxf2+ 42.Kxf2 Kxf8 43.Rfc1 Nc4
44.Rxc3 Ndxe5 45.Kg3 Kg7 46.Rb8 Nd6 47.Rc7 Ne4+ 48.Kh3 f4 49.Rcc8 f3 50.Rg8+ Kf6
51.h5 f2 52.Rb1 Nf3 53.Rf1 Nfd2 54.Kg2 Nxf1 55.Kxf1 Kf5 56.h6 Kf4 57.Rg2 Nf6
58.Kxf2 e5 59.Rg7 Ke4 60.Ke2 Kf5 61.h7 Nxh7 62.Rxh7 f6 63.Ra7 Ke4 64.Ra4+ d4
65.Ra6 f5 66.Rf6 f4 67.Rf8 Kd5 68.Kf3 Kc4 69.Ke4 Kc3 70.Rh8 Kd2 71.Rh2+ Ke1
72.Ra2  1-0

[Event "Elista ol (Men)"]
[Site "Elista"]
[Date "1998.10.12"]
[Round "13"]
[White "Guillen R, Jose"]
[Black "Antoniou, Antonis"]
[Result "1-0"]
[WhiteElo "2220"]
[BlackElo "2255"]

1.e4 d6 2.d4 Nf6 3.Nc3 c6 4.f4 Qa5 5.Bd3 e5 6.fxe5 dxe5 7.dxe5 Ng4 8.Nf3 Nxe5
9.Nxe5 Qxe5 10.O-O Bd6 11.Bf4 Qd4+ 12.Kh1 Bxf4 13.Rxf4 Be6 14.Qf1 Nd7 15.e5 Qxe5
16.Re1 Qc7 17.Rxf7 Qd6 18.Bc4 Nf8 19.Bxe6 Nxe6 20.Qf5  1-0

[Event "New York Manhattan"]
[Site "New York"]
[Date "1998.10.14"]
[Round "7"]
[White "Burnett, Ronald"]
[Black "Palatnik, Semon"]
[Result "0-1"]
[WhiteElo "2395"]
[BlackElo "2490"]

1.e4 d6 2.d4 Nf6 3.Nc3 Nbd7 4.Nf3 e5 5.Bc4 Be7 6.O-O c6 7.a4 Qc7 8.Qe2 O-O
9.Rd1 b6 10.Bg5 h6 11.Bh4 Re8 12.Bg3 Bf8 13.Bb3 exd4 14.Bxf7+ Kxf7 15.Qc4+ Kg6
16.Nh4+ Kh7 17.Rxd4 Ne5 18.Qe2 g5 19.Nf5 Bxf5 20.exf5 d5 21.h4 g4 22.a5 b5  0-1

[Event "New York Manhattan"]
[Site "New York"]
[Date "1998.10.16"]
[Round "9"]
[White "Ady, Jonathan James"]
[Black "Kacheishvili, Giorgi"]
[Result "1-0"]
[WhiteElo "2395"]
[BlackElo "2510"]

1.e4 d6 2.d4 Nf6 3.Nc3 Nbd7 4.f4 e5 5.Nf3 exd4 6.Qxd4 c6 7.Be3 d5 8.exd5 Bc5
9.Qd3 Qe7 10.Kd2 O-O 11.Re1 Bxe3+ 12.Rxe3 Qb4 13.dxc6 bxc6 14.Qc4 Qxb2 15.Qxc6 Nb6
16.Qc5 Rd8+ 17.Bd3 Ba6 18.Ne5 Bxd3 19.Rxd3 Rdc8 20.Qe7 Ne4+ 21.Nxe4 Qxc2+
22.Ke3 Qxa2 23.Rhd1 Rf8 24.R1d2 Qb1 25.Kf2 g6 26.Nf6+ Kg7 27.Nh5+ gxh5 28.Rg3+  1-0

[Event "AUT2W-chT 9899"]
[Site "AUT"]
[Date "1998.10.18"]
[Round "2.5"]
[White "Tschohl, Christof"]
[Black "Schiestl, Josef"]
[Result "0-1"]
[WhiteElo "2130"]
[BlackElo "2195"]

1.e4 d6 2.d4 Nf6 3.Nc3 c6 4.Bg5 Qa5 5.Bxf6 gxf6 6.a3 Nd7 7.Nf3 e6 8.Bd3 d5
9.b4 Qc7 10.Qe2 Be7 11.Rb1 dxe4 12.Nxe4 f5 13.Ned2 b6 14.Nc4 Ba6 15.a4 Bxc4
16.Bxc4 Kf8 17.Qe3 Rg8 18.Qh6+ Rg7 19.h4 Kg8 20.Ng5 Bxg5 21.hxg5 Nf8 22.g3 f4
23.Rb3 fxg3 24.Rxg3 Qf4 25.g6 Qe4+ 26.Kf1 fxg6 27.c3 c5 28.Re3 Qc6 29.b5 Qd6
30.Rh4 Re8 31.Rhe4 Kh8 32.dxc5 Qxc5 33.Bxe6 Nxe6 34.Rxe6  0-1

[Event "AUT2W-chT 9899"]
[Site "AUT"]
[Date "1998.10.18"]
[Round "2.5"]
[White "Kapferer, Romed"]
[Black "Genduso, Carmelo"]
[Result "0-1"]
[WhiteElo "2080"]
[BlackElo "2210"]

1.e4 d6 2.d4 Nf6 3.Nc3 c6 4.f4 Qa5 5.Bd3 e5 6.dxe5 dxe5 7.fxe5 Ng4 8.Nf3 Bc5
9.Rf1 Nd7 10.e6 fxe6 11.h3 Ne3 12.Bxe3 Bxe3 13.Qe2 Bf4 14.Nd2 Bg3+ 15.Kd1 Qg5
16.Nc4 b5 17.Nd2 Bb7 18.Nf3 Qc5 19.e5 Bxe5 20.Ne4 Qd5 21.Neg5 O-O-O 22.Nf7 Bxb2
23.Rb1 Bc3 24.Nxh8 Rxh8 25.Qe4 Qxa2 26.Ke2 c5 27.Qg4 c4 28.Be4 Bxe4 29.Qxe4 Qa6
30.Ng5 h6 31.Qa8+ Nb8 32.Ne4 Be5 33.Rf7 Qc6 34.Qxc6+ Nxc6 35.Nc5 Bd6 36.Nxe6 Re8
37.Rxg7 Rxe6+ 38.Kf2 Bc5+ 39.Kg3 a6 40.Kh2 Nd4 41.c3 Ne2 42.Rf1 Bd6+ 43.g3 Nxg3
44.Rg8+ Kb7 45.Rf7+ Kb6 46.Kg2 Ne4 47.Ra8 Nxc3 48.Rfa7 Nd5 49.Rxa6+ Kc5 50.Rc8+ Kd4
51.Rcc6 c3  0-1

[Event "BL2-S9899"]
[Site "Germany"]
[Date "1998.10.18"]
[Round "1.5"]
[White "Klundt, Klaus"]
[Black "Riedel, Wolfgang"]
[Result "1-0"]
[WhiteElo "2375"]
[BlackElo "2350"]

1.e4 d6 2.d4 Nf6 3.Nc3 e5 4.Nf3 Nbd7 5.Bc4 Be7 6.O-O c6 7.a4 O-O 8.Re1 Qc7
9.h3 b6 10.d5 c5 11.a5 a6 12.axb6 Nxb6 13.Bf1 Ne8 14.Na4 Nxa4 15.Rxa4 Qb7
16.b3 Bd7 17.Ra2 g6 18.Bh6 Ng7 19.Nd2 f6 20.Bd3 Ra7 21.Nc4 Rfa8 22.Qd2 Ne8
23.Rea1 Bd8 24.Be3 a5 25.Nxa5 Bxa5 26.Rxa5 Rxa5 27.Rxa5 Rxa5 28.Qxa5 Kf7
29.f4 exf4 30.Bxf4 Ke7 31.Kh2 Nc7 32.Qe1 Ne8 33.Qh4 h5 34.Bd2 Kf7 35.Qf2 Qc7
36.Be3 Kg7 37.Qg3  1-0

[Event "BL2-O9899"]
[Site "Germany"]
[Date "1998.10.18"]
[Round "1.3"]
[White "Heidrich, Manfred"]
[Black "Roesch, Arnd"]
[Result "1/2-1/2"]
[WhiteElo "2420"]
[BlackElo "2350"]

1.e4 d6 2.d4 Nf6 3.Nc3 e5 4.Nge2 Nc6 5.f3 g6 6.Be3 Bg7 7.Qd2 O-O 8.O-O-O exd4
9.Nxd4 Nxd4 10.Bxd4 a6 11.g4 b5 12.g5 Nh5 13.h4 Bxd4 14.Qxd4 Bb7 15.Bh3 Qe7
16.Rhe1 Rfe8 17.Ne2 Qe5 18.Qxe5 Rxe5 19.Bg4 Ng7 20.Nf4 Rae8 21.Kd2 R5e7 22.Kc3 Ne6
23.Nxe6 fxe6 24.e5 d5 25.Kb4 c5+ 26.Kxc5 Rc8+ 27.Kb6 Rc6+ 28.Ka5 Rxc2 29.Rc1 Rxb2
30.Kb6 d4 31.Bxe6+ Rxe6+ 32.Kxb7 d3 33.Re4 Rc2 34.Rd1 d2 35.f4 Rxa2 36.Rd4 Re7+
37.Kc6 Rc2+ 38.Kb6 Rf7 39.Kxa6 b4 40.R1xd2 Rxd2 41.Rxd2 Rxf4 42.Kb5 Re4 43.Ka4 Rxh4
44.e6 Kf8 45.Rd7 Ke8 46.Kb3 Rh5 47.Kxb4 Rxg5 48.Rxh7 Re5 49.Kc4 Rxe6 50.Kd5 Re1
51.Rg7 Rg1 52.Ke4 Kf8 53.Ra7 Rf1 54.Ke3  1/2-1/2

[Event "BL2-S9899"]
[Site "Germany"]
[Date "1998.10.18"]
[Round "1.3"]
[White "Mueller, Ralf"]
[Black "Miltner, Arndt"]
[Result "0-1"]
[WhiteElo "2370"]
[BlackElo "2395"]

1.e4 d6 2.d4 Nf6 3.Nc3 Nbd7 4.f4 e5 5.Nf3 exd4 6.Qxd4 c6 7.Be3 d5 8.Qd2 dxe4
9.Ng5 Bb4 10.Rd1 h6 11.a3 Bxc3 12.Qxc3 hxg5 13.fxg5 Nd5 14.Rxd5 cxd5 15.Qxg7 Rf8
16.Be2 Qe7 17.Bd4 Nc5 18.Bf6 Qc7 19.O-O Be6 20.g6 Nd7 21.gxf7+ Bxf7 22.Bh4 Qe5
23.Rxf7 Rxf7 24.Qg8+ Nf8 25.Bb5+ Rd7 26.Qg4 Qe6 27.Qh5+ Ng6 28.Qh7 Nxh4 29.Bxd7+ Qxd7
30.Qh8+ Ke7 31.Qxh4+ Kd6 32.Qg3+ Kc6 33.Qc3+ Kb6 34.Qd4+ Ka6 35.c4 b6 36.cxd5 Re8
37.d6 e3 38.Kf1 Qf5+  0-1

[Event "VAM Hoogeveen op"]
[Site "Hoogeveen"]
[Date "1998.10.18"]
[Round "3"]
[White "Remmel, Tim"]
[Black "Hofman, Ron"]
[Result "1/2-1/2"]
[WhiteElo "2235"]
[BlackElo "2195"]

1.e4 Nf6 2.Nc3 d6 3.d4 c6 4.Nf3 Bg4 5.Be2 e6 6.O-O d5 7.Bg5 Be7 8.e5 Nfd7
9.Bxe7 Qxe7 10.Qd2 a6 11.b4 b6 12.Ne1 Bxe2 13.Nxe2 c5 14.c3 Nc6 15.Nd3 O-O
16.a4 Rfc8 17.f4 cxb4 18.cxb4 f5 19.Rfc1 a5 20.b5 Nb4 21.Rab1 Nxd3 22.Qxd3 Rxc1+
23.Rxc1 Nf8 24.Rc6 Qb4 25.Qd1 Rb8 26.Kf2 Rb7 27.Qc2 Qe7 28.g3 h6 29.Rc8 g5
30.Qc6 Kf7 31.Qc3 g4 32.Ke3 Qb4 33.Rc7+ Rxc7 34.Qxc7+ Qe7 35.Qxb6 Qa3+ 36.Kf2 Qxa4
37.Qc7+ Ke8 38.Qc6+ Ke7 39.Qd6+ Kf7 40.Qc7+ Ke8 41.b6 Nd7 42.b7 Qb4 43.Ke3 a4
44.Nc3 a3 45.Kd3 Ke7 46.Qc6 a2 47.Nxa2 Qb1+ 48.Kc3 Qxa2 49.Qd6+ Ke8 50.Qxe6+ Kd8
51.Qg8+ Ke7 52.Qg7+ Kd8 53.Qg8+ Ke7 54.Qg7+ Kd8 55.Qf6+ Ke8 56.Qe6+ Kd8 57.Qg8+  1/2-1/2

[Event "SVK-chT2A 9899"]
[Site "SVK"]
[Date "1998.10.18"]
[Round "2"]
[White "Puskas, Miroslav"]
[Black "Rachela, Milan"]
[Result "0-1"]
[WhiteElo "2210"]
[BlackElo "2130"]

1.e4 d6 2.d4 Nf6 3.Nc3 Nbd7 4.f4 e5 5.dxe5 dxe5 6.f5 Bc5 7.Bg5 c6 8.Nh3 h6
9.Bxf6 Nxf6 10.Qxd8+ Kxd8 11.O-O-O+ Ke7 12.Be2 a5 13.Rd3 a4 14.Bf3 b5 15.Kb1 b4
16.Nd1 Ba6 17.Rd2 Rhb8 18.Nhf2 Bd4 19.Be2 Bc3 20.Rd3 Bxd3 21.cxd3 Bd4 22.g4 Nd7
23.h4 Nc5 24.g5 a3 25.Ng4 b3  0-1

[Event "Szeged TT10 IM"]
[Site "Szeged"]
[Date "1998.10.20"]
[Round "6"]
[White "Kopasz, Robert"]
[Black "Rizsonkov, Vladimir"]
[Result "1-0"]
[WhiteElo "2285"]
[BlackElo "2285"]

1.e4 d6 2.d4 Nf6 3.Nc3 c6 4.h3 g6 5.Nf3 Bg7 6.a4 Qc7 7.Bc4 O-O 8.Qe2 e5 9.dxe5 dxe5
10.O-O Nbd7 11.Be3 Nh5 12.Rfd1 Nf4 13.Qd2 Nb6 14.Bf1 Be6 15.Bc5 Rfd8 16.Bd6 Qc8
17.Qe3 f6 18.b3 Bh6 19.Kh2 Kg7 20.Qe1 Nd7 21.g3 Nh5 22.a5 a6 23.Na4 Re8 24.Qc3 Kg8
25.Bc4 Ng7 26.Rd3 Kh8 27.Bxe6 Nxe6 28.Rad1 c5 29.Rd5 Qc6 30.Qc4 Rac8 31.Bxe5 Nxe5
32.Nxe5 Qc7 33.Nd7 Bg7 34.Ndb6 Rcd8 35.Rxd8 Nxd8 36.Nxc5 f5 37.Rd7 Qe5 38.Qd5 Nc6
39.Nxb7 Qxe4 40.Qxe4 fxe4 41.Rc7 Nxa5 42.Nxa5 Bd4 43.Rc8 Rxc8 44.Nxc8 Bxf2
45.Kg2 Be1 46.Nc4 Kg7 47.N8d6 e3 48.Nxe3 Bb4 49.Ne4  1-0